[Event "SUI-chT"]
[Site "Switzerland"]
[Date "2012.06.03"]
[Round "4.1"]
[White "Pelletier, Yannick"]
[Black "Caruana, Fabiano"]
[Result "1/2-1/2"]
[WhiteElo "2585"]
[BlackElo "2682"]
[PlyCount "60"]
[EventDate "2012.03.18"]
[EventType "team-tourn"]
[EventRounds "9"]
[EventCountry "SUI"]
[SourceTitle "EXT 2013"]
[Source "ChessBase"]
[SourceDate "2012.11.22"]
[SourceVersion "1"]
[SourceVersionDate "2012.11.22"]
[SourceQuality "1"]
[WhiteTeam "Zuerich"]
[BlackTeam "Winterthur"]
[WhiteTeamCountry "SUI"]
[BlackTeamCountry "SUI"]

1. Nf3 c5 2. c4 Nc6 3. Nc3 Nf6 4. g3 d5 5. cxd5 Nxd5 6. Bg2 Nc7 7. O-O e5 8. d3
Be7 9. Nd2 Bd7 10. Nc4 f6 11. f4 b5 12. Ne3 exf4 13. Rxf4 O-O 14. Ned5 Bd6 15.
Nxc7 Bxc7 16. Rf2 Rb8 17. a4 a6 18. axb5 axb5 19. Be3 Nd4 20. Ne4 Re8 21. b4
Bg4 22. bxc5 f5 23. Bxd4 Qxd4 24. Ng5 h6 25. Nf3 Qxc5 26. Qb3+ Kh8 27. d4 Qb6
28. e3 b4 29. Rc1 Bxf3 30. Bxf3 Qd6 1/2-1/2

[Event "SUI-chT"]
[Site "Switzerland"]
[Date "2012.06.24"]
[Round "5.2"]
[White "Caruana, Fabiano"]
[Black "Godena, Michele"]
[Result "1/2-1/2"]
[WhiteElo "2767"]
[BlackElo "2508"]
[PlyCount "105"]
[EventDate "2012.03.18"]
[EventType "team-tourn"]
[EventRounds "9"]
[EventCountry "SUI"]
[SourceTitle "EXT 2013"]
[Source "ChessBase"]
[SourceDate "2012.11.22"]
[SourceVersion "1"]
[SourceVersionDate "2012.11.22"]
[SourceQuality "1"]
[WhiteTeam "Winterthur"]
[BlackTeam "Mendrisio"]
[WhiteTeamCountry "SUI"]
[BlackTeamCountry "SUI"]

1. e4 e5 2. Nf3 Nc6 3. Bb5 a6 4. Ba4 Nf6 5. O-O b5 6. Bb3 Bc5 7. c3 d6 8. d4
Bb6 9. h3 Bb7 10. Re1 Ne7 11. dxe5 Nxe4 12. Be3 Bxe3 13. Rxe3 Nc5 14. exd6 Qxd6
15. Qxd6 cxd6 16. Nbd2 Kf8 17. Nd4 g6 18. Rd1 Rd8 19. Nf1 Rd7 20. Re2 Kg7 21.
Ne3 Rc8 22. f3 Kf8 23. Red2 Rcd8 24. Kf2 Nc8 25. g4 Re7 26. g5 Nb6 27. Ng4 Nc4
28. Bxc4 bxc4 29. Kg3 Kg7 30. h4 Nd3 31. Rh1 Rb8 32. h5 Ba8 33. hxg6 fxg6 34.
Rdh2 Rh8 35. Rh6 Bd5 36. Nf6 Bg8 37. R1h2 Re5 38. f4 Re3+ 39. Kg4 Re1 40. Kg3
Re3+ 41. Kg4 Re1 42. Rg2 Rf1 43. Ne2 Ne1 44. Kg3 Nxg2 45. Kxg2 Rb1 46. Nd4
Rxb2+ 47. Kg3 Bf7 48. f5 Rxa2 49. Ne4 Rd8 50. Nf6 Rh8 51. Ne4 Rd8 52. Nf6 Rh8
53. Ne4 1/2-1/2

[Event "EU-ch 13th"]
[Site "Plovdiv"]
[Date "2012.03.29"]
[Round "9"]
[White "Rodshtein, Maxim"]
[Black "Caruana, Fabiano"]
[Result "0-1"]
[WhiteElo "2652"]
[BlackElo "2767"]
[Annotator "Ftacnik,L"]
[PlyCount "158"]
[EventDate "2012.03.20"]
[EventType "swiss"]
[EventRounds "11"]
[EventCountry "BUL"]
[SourceTitle "CBM 148"]
[Source "ChessBase"]
[SourceDate "2012.05.16"]
[SourceVersion "1"]
[SourceVersionDate "2012.05.16"]
[SourceQuality "1"]

1. Nf3 c5 2. c4 Nc6 3. Nc3 Nd4 4. e3 Nxf3+ 5. Qxf3 g6 {Black can play rather
slowly as the white queen on f3 occupies far from the ideal spot.} 6. b3 Bg7 7.
Bb2 d6 (7... Rb8 8. Qd1 (8. g4 $6 b6 $15) 8... a6 9. Qc2 Nf6 10. Ne4 Qb6 11.
Be5 d6 12. Nxf6+ exf6 13. Bc3 {1/2-1/2 Mohr,G-Sokolov,I/Bihac 1999/ (41)}) 8.
g3 {It has to be admitted, that this timid move is not the only solution in
the position. White players have invested lots of energy into the extravagant
line 8.g4 hoping to draw the full benefit from the odd location of the queen
on f3.} (8. g4 Nf6 (8... Rb8 9. Bg2 (9. Be2 Bd7 10. Qg2 (10. Qg3 Bc6 11. Bf3
Qd7 12. O-O-O a6 13. d4 cxd4 14. exd4 Bxf3 15. Qxf3 Nf6 16. g5 Nh5 {1/2-1/2
Claesen,P-Vadasz,L/Paks 1997/ (16)}) 10... Bc6 11. Bf3 Bxf3 12. Qxf3 h5 13. g5
e6 14. Rb1 Ne7 15. Ne4 e5 16. Nf6+ Bxf6 17. Qxf6 O-O 18. d4 cxd4 19. exd4 Nc6 {
1/2-1/2 (26) Fridman,D-Breder,D/Senden 1999/ (36)}) 9... Bd7 (9... b6 $5) (9...
a6 10. g5 b5 11. Qe2 h6 12. h4 hxg5 13. hxg5 Rxh1+ 14. Bxh1 e6 15. f4 Qa5 16.
O-O-O bxc4 17. Qxc4 Rb4 18. Qd3 d5 19. Bxd5 exd5 20. Nxd5 Bf5 $11 {1-0 (25)
Izoria,Z (2602)-Palac,M (2574) Warsaw 2005}) 10. Qe2 (10. d4 cxd4 11. exd4 Qa5
12. Qf4 Bh6 13. Qg3 Qg5 14. Ne4 Qxg4 15. d5 f6 16. c5 Bf4 17. Qxg4 Bxg4 18.
cxd6 Bxd6 19. Nxd6+ exd6 20. Bd4 a6 $11 {Pomes Marcet,J-Bellon Lopez,J/
Barcelona 1990/ (40) 0-1}) 10... a6 (10... Qc8 $5 11. g5 (11. h3 Bc6 $11) 11...
Bc6 $11) 11. g5 b5 (11... h6 12. h4 hxg5 13. hxg5 Rxh1+ 14. Bxh1 e6 15. f4 Ne7
16. O-O-O $14) 12. d3 Qa5 (12... e6 $2 13. Nxb5 $18) 13. Rc1 h6 (13... e6) 14.
h4 Rh7 (14... hxg5 15. hxg5 Rxh1+ 16. Bxh1 e5 (16... e6 $5) 17. Qd2 Ne7 18. Ne4
Qb6 19. f4 Bf5 20. Qh2 $14 {1-0 Petrosian,A-Skripchenko,A/Dortmund 2000/ (51)})
(14... b4 15. Ne4 $14) 15. Ba1 hxg5 16. hxg5 Rxh1+ 17. Bxh1 b4 $6 (17... e6 $5
18. Kd1 Kf8 (18... Ne7 $2 19. Nxb5 $18 (19. Ne4 $18))) 18. Ne4 $14 {1-0 (34)
Krasenkow,M (2661)-Macieja,B (2538) Plock 2000/}) (8... Nh6 9. g5 Nf5 10. h4
Bd7 11. Qxb7 Rb8 12. Qf3 Rb6 13. Bd3 Bc6 14. Be4 Bxe4 15. Qxe4 d5 16. cxd5 Rb4
17. Qc2 O-O 18. d3 Rxh4 19. Rxh4 Nxh4 20. O-O-O $14 {1-0 (30) Tomashevsky,E 
(2624)-Shaposhnikov,E (2554) Moscow 2007}) 9. g5 Nd7 (9... Nh5 $5) 10. h4 Ne5 (
10... h6 11. Bg2) 11. Qg2 (11. Qg3) 11... Bg4 12. Be2 Bxe2 13. Kxe2 $14 Nc6 (
13... Qd7 14. h5 $14 (14. d4 $6 cxd4 15. exd4 Nc6 $132)) 14. Rab1 (14. h5 $14)
14... h5 (14... h6 $6 15. h5 $36) 15. Nd5 O-O 16. f4 Bxb2 (16... Qa5 17. f5 $36
) 17. Rxb2 e6 $5 18. Nf6+ Kg7 19. a3 $14 {0-1 (42) Van Wely,L (2670)-Akopian,V
(2654) Enghien les Bains 2001}) (8. Qd1 Nf6 (8... e5 9. Be2 Ne7 10. O-O O-O $11
{0-1 Galliamova,A-Kramnik,V/Kazan 1997/ (41)}) 9. Be2 O-O 10. O-O Ne4 11. Qc2 {
1/2-1/2 Mohr,G-Zvjaginsev,V/Portoroz 1997/ (11)}) 8... e6 {Both players are
more attuned to their general understanding of the opening positions than to
the concrete knowledge. Otherwise Black would have spent more time on the
crictial line starting with the rook move 8...Rb8.} (8... Rb8 9. Bg2 Nf6 $1 (
9... Nh6 10. h3 (10. Qd1 a6 (10... Nf5 11. Qc2 O-O 12. O-O a6 13. a4 Bd7 14.
Nd5 e6 15. Bxg7 Nxg7 16. Nf4 Nf5 17. Qc3 Bc6 18. b4 Bxg2 19. Kxg2 cxb4 20. Qxb4
$11 {1/2 (45) Ribli,Z (2625)-Benjamin,J (2545) Wijk aan Zee 1989}) 11. O-O O-O
12. d3 b5 13. Qd2 Bb7 14. Bxb7 Rxb7 15. Nd5 Bxb2 16. Qxb2 Ng4 $13 {Ftacnik,
L-Miles,A/Manila izt 1990/}) 10... Nf5 11. Qe2 a6 12. O-O b5 {1/2-1/2 Gabriel,
C-Lalic,B/Pula 1997/ (12)}) (9... Bd7 10. O-O Bc6 11. Qe2 Bxg2 12. Kxg2 Nf6 13.
Ne4 O-O 14. Nxf6+ Bxf6 15. Bxf6 exf6 16. d4 cxd4 17. exd4 d5 18. c5 Re8 19. Qd2
$11 {1/2 (35) Andersson,U (2605)-Ljubojevic,L (2610) Brussels 1988}) 10. h3 (
10. Qd1 O-O (10... Bg4 $5) 11. d4 Bg4 12. Qd2 Qc8 13. O-O Bh3 {Ribli,Z-Miles,A/
Wijk/1989/}) 10... O-O (10... b5 11. Nxb5 $1 Bb7 12. Qxb7 Rxb7 13. Bxb7 O-O 14.
Bg2 $14 {Karpov}) 11. O-O a6 12. Qe2 b5 $1 13. d3 b4 14. Nd1 (14. Nb1) 14... a5
15. a4 e5 16. e4 (16. d4 $2 e4 $1 {><d1} (16... cxd4 $6 17. exd4 Nd7 18. dxe5
dxe5 19. Ne3 $14) (16... exd4 17. exd4 Re8 $10 18. Ne3 $140 Ng4 $1)) 16... h5
17. h4 Ne8 18. Ne3 Nc7 (18... Bh6 {/\ Ng7=}) 19. Kh2 Ne6 20. Bh3 $11 {0-1 (46)
Karpov,A (2725)-Anand,V (2635) Linares 1991}) (8... Nf6 9. Nd5 (9. Bg2 O-O 10.
O-O Rb8 {1/2 (12) Sherbakov,R (2580)-Krasenkow,M (2645) Koszalin 1997}) 9... e5
10. Nxf6+ Qxf6 11. Qxf6 Bxf6 12. Bg2 Rb8 13. Bd5 Ke7 14. O-O-O Be6 15. Bxe6 {
1/2 (15) Bacrot,E (2649)-Azmaiparashvili,Z (2676) Dubai 2002/}) 9. Bg2 Ne7 10.
O-O O-O 11. Rad1 {White can fall back on slightly better development, but his
main idea if the d-pawn advances is not easy to realise.} (11. Qe2 Nc6 12. d3
Rb8 $11) 11... Nc6 12. Qe2 e5 {Caruana probably knows, that he could have
survived the d2-d4 advance. He probably can not see the reason why he should
help his opponent in any way.} (12... Rb8 13. d4 $5 cxd4 14. Nb5 e5 15. Ba3 a6
16. Nxd6 Qa5 17. Qb2 Nb4 $11) 13. a3 Re8 14. Nd5 a5 15. Rb1 Be6 16. Bc3 Ne7 17.
b4 {Rodshtein wants to be consequent, but then he becomes strategically a bit
insensitive. The position was still equal, but only if White would abstain
from the controversial b3-b4 advance.} (17. Nxe7+ Rxe7 18. f4 (18. b4 cxb4 19.
axb4 a4 $15) 18... Qd7 $11) 17... cxb4 $1 18. axb4 a4 19. Qd3 (19. e4 b5 $1 20.
Ne3 bxc4 21. Nxc4 d5 22. exd5 Nxd5 $15) 19... f5 20. e4 $6 {Only pressure can
break the spine of the good player, but Caruana knows how to generate heat for
his opponent. White still had a chance to keep the balance with the help of a
pawn sacrifice.} (20. Nxe7+ Rxe7 21. Bd5 $1 Qd7 22. Ra1 e4 23. Bxe6+ Qxe6 24.
Qc2 Qxc4 25. Rxa4 Rxa4 26. Qxa4 Bxc3 27. dxc3 Qxc3 28. Rd1 $11) 20... Nxd5 21.
exd5 (21. cxd5 $2 fxe4 22. Bxe4 Bh3 $17) 21... Bf7 22. Ra1 b5 $5 {Caruana is
simply obliged by his rating to always look for an initiative against even the
strongest opponents. The pawn sacrifice creates new tension on the board.} (
22... Qc7 23. Rfc1 Rec8 24. Bb2 $11) 23. cxb5 (23. c5 Rb8 24. Rfb1 e4 25. Qe3
Bxc3 26. Qxc3 Bxd5 $17) 23... Qb6 24. Rfc1 e4 25. Qe3 $6 {[%mdl 16] Many
fighting games have been lost as a result of second rate decisions at critical
moments. It seems, that White could have still hoped for equality after the
precise 25.Qc2!?:} (25. Qc2 $5 Qxb5 (25... Bxc3 26. dxc3 Qxb5 27. Bf1 Qxd5 28.
Rxa4 Rxa4 29. Qxa4 e3 30. Qc2 f4 31. gxf4 Qf3 32. Bg2 Qxf4 33. Re1 $11) 26. Bf1
Qxd5 27. Bxg7 Kxg7 28. Bc4 Qd4 29. Bxf7 Kxf7 30. Rxa4 Rxa4 31. Qxa4 Qxd2 32.
Rc7+ Re7 33. Rxe7+ Kxe7 34. Qa7+ Kf6 35. Qxh7 Qxb4 36. Qh8+ $11) 25... Qxe3 26.
fxe3 (26. dxe3 Rec8 27. Bxg7 Rxc1+ 28. Rxc1 Kxg7 29. Ra1 a3 30. Kf1 Bxd5 31.
Ke1 Ra4 32. Kd2 Rxb4 33. Rxa3 Rxb5 $17) 26... Bxd5 27. Bxg7 (27. Ra3 Bb3 28.
Bf1 Rab8 29. Bxg7 Kxg7 30. Rc6 d5 31. b6 Rec8 32. Rxc8 Rxc8 33. Bb5 Rb8 34.
Bxa4 Bc4 35. Bd7 Rxb6 36. b5 $11) 27... Kxg7 28. Bf1 {Defending endgames with
quite long horizons of decision is anything but easy. White's chances do not
look all that bad, but Caruana can certainly improve his position.} (28. Ra3 $1
Kf6 29. d3 h5 30. dxe4 fxe4 31. Rc7 Reb8 32. Bf1 Bb3 $15) 28... Kf6 (28... a3
29. Rc3 a2 30. Bc4 Bxc4 31. Rxc4 Reb8 32. Rc2 Rxb5 33. Rcxa2 Rxa2 34. Rxa2 Rxb4
$15) 29. Ra3 Reb8 30. Be2 Bb3 31. Rc6 Ke6 32. Kf2 Kd7 33. d4 (33. h3 Rc8 34.
Ra6 Kc7 $17) 33... Rc8 $1 34. Ra6 {White was always hoping that the presence
of the a6-sqaure might save him from the worst.} Rxa6 35. bxa6 Kc6 36. Ra1 Kb6
37. Ke1 Rc2 38. h4 h6 39. b5 d5 {White's two passed pawns have been stopped,
but he finds it difficult to hold his opponent's dangerous a4-pawn.} 40. Rb1 $6
(40. Kf1 Ka7 41. Ke1 Ba2 $1 42. Kd1 Rb2 43. Rc1 a3 44. Rc3 Bb3+ 45. Kc1 Rxe2
46. Rxb3 a2 47. Ra3 g5 48. b6+ Kxb6 49. a7 a1=Q+ 50. Rxa1 Re1+ 51. Kb2 Rxa1 52.
Kxa1 Kxa7 $19) 40... Rc3 {If you want to see some miserable 40th moves just
have a look at a few chess games. Even your annotator could show some
understanding for the barely rational moves under time constraints.} (40... a3
41. Rxb3 a2 $19) 41. Kd2 Rc2+ 42. Ke1 (42. Kd1 $2 Rb2+ $19) 42... a3 $1 43.
Rxb3 (43. Bd1 Rb2 44. Rc1 a2 $19) 43... a2 44. Ra3 Rc1+ 45. Kf2 a1=Q 46. Rxa1
Rxa1 {If you think an exchange advantage is easily winning you have to try
again. Black's king is tied to the passed pawns so rook is supposed to win on
its own.} 47. Bf1 (47. g4 fxg4 48. Bxg4 Kxb5 49. Bc8 Kc4 50. Bb7 Kd3 51. Bxd5
Rxa6 $19) 47... g5 48. hxg5 hxg5 49. Be2 Rh1 50. Kg2 Rh8 51. Kg1 Rf8 52. Kf2
Rf7 53. Bf1 Rc7 54. Be2 Rc1 55. Kg2 Rc8 56. Kf1 Rf8 57. Kf2 Rf6 58. Bf1 f4 $1 {
Caruana finally accepts that he will have to exchange some pawns in order to
make any progress.} 59. gxf4 (59. Be2 $2 f3 60. Bf1 (60. Bd1 Kxb5 61. Bb3 Kc6
$19) 60... g4 61. Ke1 Rh6 62. Kf2 Rh1 63. Ke1 Rh2 64. Kd1 Ra2 65. Ke1 Rb2 $22
$19) 59... gxf4 60. exf4 (60. Be2 f3 61. Bf1 Rh6 62. Kg3 Rh1 63. Kf2 Ka7 64.
Ke1 Rh2 65. Kd1 Kb6 66. Ke1 Rb2 $19) 60... Rxf4+ 61. Ke1 Rf3 62. Be2 Rb3 63.
Kf2 Rh3 64. Bf1 e3+ 65. Ke1 (65. Kg2 Rh7 66. Kf3 Rf7+ 67. Ke2 Rf2+ 68. Ke1 Rd2
69. Be2 Rxd4 $19) 65... Rh1 {Finally a position that forces a sacrifice from
the defender.} 66. Ke2 Kxb5 67. a7 Rh8 68. Kxe3+ Kc6 69. Kf4 Ra8 {The pawn on
a7 will be annihilated, but is the position also winning?} 70. Ke5 Rxa7 71. Bg2
(71. Bd3 Rf7 72. Bc2 Re7+ 73. Kf4 Kb5 $19) 71... Re7+ 72. Kf4 Kd6 73. Bf3 Re1
74. Bg2 Ra1 75. Bf3 Ra3 76. Be2 (76. Bg2 Rd3 $19) 76... Kc6 77. Bf1 Ra2 78. Ke5
$2 {The position should be winning for Black, but the work required was still
substantial. Rodshtein's active move speeds up the decision.} (78. Bd3 Ra4 79.
Ke3 Ra3 80. Ke2 Kb6 81. Ke3 Ka5 $17) 78... Rd2 79. Ba6 Rd1 (79... Rd1 80. Bc8
Re1+ 81. Kf5 Re4 $19) 0-1

[Event "Sigeman & Co 20th"]
[Site "Malmo"]
[Date "2012.05.14"]
[Round "5"]
[White "Li, Chao B"]
[Black "Caruana, Fabiano"]
[Result "1/2-1/2"]
[WhiteElo "2703"]
[BlackElo "2770"]
[Annotator "Ftacnik,L"]
[PlyCount "68"]
[EventDate "2012.05.09"]
[EventType "tourn"]
[EventRounds "7"]
[EventCountry "SWE"]
[EventCategory "16"]
[SourceTitle "CBM 149"]
[Source "ChessBase"]
[SourceDate "2012.07.17"]
[SourceVersion "1"]
[SourceVersionDate "2012.07.17"]
[SourceQuality "1"]

1. d4 Nf6 2. Nf3 g6 3. c4 Bg7 4. Nc3 d5 5. cxd5 Nxd5 6. e4 Nxc3 7. bxc3 c5 8.
Rb1 O-O 9. Be2 Nc6 10. d5 Ne5 11. Nxe5 Bxe5 12. Qd2 e6 13. f4 Bc7 {A rather
unusual manoeuvre of the bishop, that was partly born out of frustration with
more natural retreats.} (13... Bg7) (13... Bh8) 14. O-O exd5 15. exd5 Ba5 16.
d6 Rb8 17. Rb5 $5 {[%mdl 4] This critical position has seen quite a few
different attempts to deal with the pesky black bishop on a5. White is ready
to sacrifice the exchange as the black king is rather vulnerable without his
natural defender.} (17. Bb2 b5 18. Rbd1 Bd7 (18... Be6 19. Kh1 Rb6 20. Bf3 (20.
Qe3 Rxd6 21. c4 Rxd1 22. Rxd1 Qb6 $11) 20... Re8 (20... Qb8 21. Rfe1 Rd8 22.
Rxe6 fxe6 23. d7 c4 (23... Ra6 24. f5 $1 Qe5 25. fxe6 $14) 24. Bg4 Kf7 25. Bc1
$14) 21. Rfe1 Qf6 22. Qf2 Bxc3 23. Bxc3 Qxc3 24. Bg4 Rd8 25. Bxe6 Rbxd6 26.
Rxd6 Rxd6 $13) 19. Bf3 c4 20. Kh1 Bf5 {0-1 Pelletier,Y (2590)-Caruana,F (2711)/
Biel 2011/ (66)}) (17. Ba3 Bf5 18. Rbd1 (18. Rbc1 $5 Rc8 (18... b6 19. g4 Bd7
20. f5 Qh4 21. Bf3 Rbd8 22. fxg6 hxg6 23. Qf4 Qh8 24. Bb2 Be6 25. Rf2 c4 26.
Ba3 b5 27. Bc5 $16 {1/2-1/2 Del Rio Angelis,S (2534)-Kasimdzhanov,R (2675)/
Melilla 2011/ (41)}) 19. g4 Bd7 20. Bf3 b5 21. f5 Qh4 22. Rce1 Qf6 23. Bb2 c4
24. fxg6 hxg6 25. Re7 Bb6+ 26. Kg2 Be6 27. Ba3 Rcd8 $14 {1-0 Alpert,A-Nemec,B/
ICCF Email 2001/ICCF Telechess (32)}) (18. Rb5 a6 19. Rxc5 Bb6 20. Kh1 Bxc5 21.
Bxc5 Qd7 22. Bb6 Be4 23. Qd4 Rbe8 $15 {0-1 Gajewski,G (2567)-Sutovsky,E (2650)/
Rijeka 2010/ (53)}) 18... Rc8 $1 (18... Qf6 19. Bxc5 Bxc3 20. Bd4 Bxd4+ 21.
Qxd4 Qxd4+ 22. Rxd4 b5 23. Rc1 Be6 $11 {1/2-1/2 Mikhalevski,V (2571)-Ftacnik,L
(2579)/Bellevue 2006/ (34)}) 19. g4 $1 (19. Bf3 Qf6 20. d7 (20. Bb2 $6 c4 $1
21. Rfe1 (21. Bxb7) 21... Bd3 22. Re5 Qxd6 $1 23. Bxb7 Rce8 24. Kh1 Rxe5 25.
fxe5 Qxe5 26. Re1 Qf6 $19 {0-1 Belov,V-Nikolenko,O/Moscow 2000/ (32) 0-1 Belov,
V-Nikolenko,O/Moscow 2000/EXT 2001 (32)}) 20... Rcd8 21. Bxc5 Rxd7 22. Qe3 Rc8
23. Rxd7 Bxd7 24. Bd4 Qd6 (24... Bb6 25. Bxb6 {1/2-1/2 Hessenius,I-Povchanic,D/
ICCF Email 2002/ (25)}) (24... Qe6 25. Qd2 Qc4 26. Rf2 Bf5 27. Bxb7 Rb8 28. Qe3
$14 {1-0 Sharavdorj,D (2452)-Mammadova,G (2284)/Moscow 2011/ (37)}) 25. Re1
Rxc3 26. Qe8+ {1/2-1/2 Eckstein,M-Kordts,W/IECG 2002/ (26)}) 19... Bd7 (19...
Be4 20. d7 Rc7 21. Bf3 $16) 20. f5 $1 (20. Bf3 b5 $132) 20... Qh4 (20... gxf5
21. g5 (21. gxf5 Qf6 22. Bb2 c4 $15) 21... c4 22. Bf3 Re8 23. Kh1 b5 24. Rfe1
Re6 25. Rxe6 $6 (25. Bd5 $142 Bc6 26. Bxc6 Rxc6 27. d7 Bc7 $11) 25... fxe6 26.
Rg1 (26. g6 hxg6 (26... Qh4 27. Rg1 Bb6 $17) 27. Rg1 Qf6 28. Qh6 Kf7 $19) 26...
Bb6 27. Rg3 Qf8 {It took me almost one hour to find this move! Black stops
White's attack this way, however 27...Kh8 was good enough to get rid of
White's threats.} (27... Be8 $2 28. g6 Bxg6 (28... hxg6 29. d7 $18) 29. d7 Rc7
30. Bd5 $3 exd5 31. Qxd5+ Kg7 32. Qe5+ $11) (27... Kh8 28. g6 Qh4 (28... Qf6
29. Qh6 $16) 29. gxh7 f4 $1 $17) 28. g6 h6 29. Rh3 (29. Bc1 Bc5 $1) 29... f4 $1
$17 {0-1 Gerzhoy,L (2372)-Tyomkin,D (2505)/Ashdod 2004/ (45)}) 21. Bf3 Rfe8 $6
(21... b5 22. fxg6 hxg6 23. Rde1 c4 $132) (21... gxf5 22. gxf5 (22. Bxb7 Qxg4+
23. Kh1 Kh8 24. Rf4 Qg7 25. Rf3 c4 $13) 22... Rfe8 (22... b5 $142 $5) 23. Kh1 (
23. Bxb7 Kh8 24. Rf3 $16) 23... Re5 24. Qf4 Qg5 25. Bxb7 Qxf4 26. Rxf4 Rb8 27.
Bd5 $16 {1/2-1/2 Krasenkow,M (2676)-Avrukh,B (2614)/Izmir 2004/}) 22. Kh1 Re5 (
22... b5 23. fxg6 $5 hxg6 24. Bd5) 23. fxg6 hxg6 24. Qf4 Qg5 $6 (24... Bxc3 25.
Bg2 $1 Rf8 26. Rd3 $1 g5 27. Qf6 Bd4 28. Bxc5 $1 (28. Rxd4 Re6 29. Qe7 $1)
28... Rxc5 29. Qxd4 $18) (24... Rf5 25. Qe3 Re8 (25... Rxf3 26. Qxf3 Bc6 27.
Rd5 Rf8 28. c4 $16) 26. Qxe8+ Bxe8 27. gxf5 Bb5 $11) 25. Bxb7 $2 (25. Bc1 Qxf4
26. Bxf4 Ree8 27. Bxb7 Re2 28. Rfe1 Rce8 $14 {was not quite clear but}) ({
the simple} 25. Qg3 $1 {lead to a hopeless position for Black.}) 25... Qxf4 26.
Rxf4 Rb8 27. Bd5 Bxc3 $1 (27... Rxd5 $143 28. Rxd5 Bc6 29. c4 $16) 28. Bxf7+
Kg7 $14 {1/2 Krasenkow,M (2676)-Avrukh,B (2614)/Izmir 2004/ (33)}) (17. g4 $5
Bd7 (17... c4 $5) 18. f5 gxf5 (18... Qf6 19. Bb2 gxf5 20. gxf5 Rfe8 $14) 19.
Bd3 Kh8 20. Bxf5 Rg8 21. Bxd7 Qxd7 22. h3 f5 23. Bb2 c4 24. Qd4+ Rg7 25. Bc1 b5
26. Qf6 $16 {1-0 Wells,P-Huzman,A/Antwerp 1993/EXT 97 (31)}) (17. Bf3 b5 18.
Ba3 Bf5 19. Rbd1 c4 20. Rfe1 Bd3 21. Be4 Qf6 22. Rc1 Rfe8 23. Bxd3 Rxe1+ 24.
Qxe1 cxd3 25. d7 Qc6 {0-1 Xu Jun (2591)-Ni Hua (2607)/Wuxi 2006/ (29)}) 17...
Bd7 (17... b6 18. Ba3 (18. Rxa5 bxa5 19. Ba3 c4 20. Bxc4 Qb6+ $11) 18... Ba6
19. f5 Re8 20. Bc4 Bxb5 21. Bxb5 Re5 22. d7 $14) 18. f5 $5 {White has
reconsidered and sacrifices his rook for the other bishop. Caruana must be
very careful.} (18. Rxa5 Qxa5 19. f5 c4 20. f6 Qc5+ 21. Kh1 Kh8 22. Qh6 Rg8 23.
Bg5 Qe5 24. Bxc4 Rbf8 25. Qh4 Qxd6 26. Rf4 Qd1+ 27. Rf1 Qd6 {1/2-1/2 Bormida,
A-Peto,P/IECG 2001/ (34)}) 18... Bxb5 19. Bxb5 Qh4 {It was certainly tempting
to advance the c-pawn, but it does not promise full equality.} (19... c4 20.
Bxc4 (20. f6 $2 Qb6+ 21. Kh1 Bxc3 22. Qxc3 Qxb5 $19) 20... Qb6+ 21. Kh1 Qc5 22.
Bb3 Qxc3 23. Qf4 Qf6 24. fxg6 Qxf4 25. gxh7+ Kxh7 26. Bxf4 $14) 20. Rf4 Qg5 21.
Qe1 Qd8 $2 {If we try to be objective it must be said, that the voluntary
retreat of the queen to d8 can not be the best solution. Now it seems, that
only White has been moving pieces since Black's 18th move...} (21... a6 $1 22.
fxg6 Qxg6 (22... axb5 23. gxf7+ Kh8 24. Rf3 Qh5 25. Bf4 Rxf7 26. Be5+ Kg8 27.
Rg3+ Kf8 28. d7 $1 Rxd7 29. Qf1+ Qf7 30. Rf3 $14) 23. Rf3 Qxd6 24. Bf4 Qd4+ $1
25. cxd4 Bxe1 26. Bxb8 Rxb8 27. Bc4 b5 28. Bxf7+ Kg7 29. dxc5 Rc8 $11) 22. Qe5
(22. fxg6 $6 hxg6 23. Qe5 Re8 24. Bxe8 Qxe8 25. Qd5 Rd8 26. Re4 Qc6 $11) 22...
Re8 (22... a6 23. fxg6 hxg6 24. Bc4 b5 25. Bd5 $18) 23. Qd5 $1 {Li Chao is
logical and refuses to grab the exchange with only a small advantage in the
endgame.} (23. Bxe8 Qxe8 24. Qd5 Qc6 (24... Bxc3 25. d7 Qe1+ 26. Rf1 Bd4+ 27.
Qxd4 Qxf1+ 28. Kxf1 cxd4 29. Bg5 $18) 25. Qxc6 bxc6 26. Be3 Bxc3 27. Bxc5 Be5
28. Re4 f6 $14) 23... Re1+ (23... Rf8 24. Rf3 Qh4 25. Qe5 Bd8 26. d7 $16) 24.
Kf2 g5 (24... Rxc1 $2 25. fxg6 Rc2+ 26. Kf1 Rc1+ 27. Ke2 Re1+ 28. Kxe1 Bxc3+
29. Kf2 Kh8 30. gxf7 Qf8 31. d7 $18) 25. f6 $1 {The black king deserted by the
dark squared bishop was always going to be vulnerable. The attack is very hard
to meet with black pieces scattered over the board.} h6 (25... gxf4 $2 26. Qg5+
Kf8 27. Qg7#) 26. Qf5 Qxd6 (26... Rxc1 27. Bd3 $18) 27. Kxe1 Rd8 (27... Bxc3+
28. Ke2 Qe5+ 29. Qxe5 Bxe5 30. Rf5 $18) 28. Kf2 $2 {Li Chao spoils his fine
performance with this imprecise move. Simple defence with the lightsquared
bishop would promise him a huge advantage.} (28. Be2 $1 Bxc3+ 29. Kf1 Qe5 30.
Qxe5 Bxe5 31. Rf5 Bxh2 32. Rxc5 $18) 28... Qd1 $1 29. Bc4 Kh8 30. Rf3 (30. Bxf7
Qxc1 31. Rd4 $1 Qb2+ 32. Kf1 Qa1+ 33. Kf2 Rxd4 34. cxd4 Qxd4+ 35. Kf1 $15)
30... Qxc1 31. Bd3 Qd2+ 32. Kf1 {The tragedy for the aggressive side is
becoming obvious. The white king is unable to run away from checks.} (32. Kg3
$2 Qe1+ $18) 32... Qd1+ 33. Kf2 Qd2+ 34. Kf1 Qd1+ 1/2-1/2